000 00335nam a2200133Ia 4500
008 220216s9999 xx 000 0 und d
100 _aChoo K T
245 0 _aSeasoning of rubberwood
260 _bRubberwood: Processing and utilization
_c1994
300 _a105-119
650 _aRubberwood
700 _aSamsi Hashim W
942 _cJS
999 _c68511
_d68511